000 00355nam a2200121 4500
999 _c14092
_d14092
008 190801b ||||| |||| 00| 0 eng d
100 _939115
_aRevita, Juliet C.
245 _aWarm weather causes explosion/
_cJuliet C. Revita
260 _aDavao City:
_bSun Star Davao;
_cc2019.
300 _apage 3.
650 0 _939116
_aClimate change.
942 _2ddc
_cPER